00666nam a2200193Ia 4500008004100000020002300041040001900064041001200083082002800095100002000123245008700143260005300230300002100283504005000304650004000354651003900394700001800433850002100451131103s9999 xx 000 0 und d a8175152788cRs 279 aLoreto College aEnglish a005.73/HORbLCLIB/45606 aHorowitz, Ellis aFundamentals of Data structures in C++cEllis Horowitz, Sartaj Sahni, Dinesh Mehta aNew DelhibGalgotia Publications Pvt. Ltd.c2003 axx,653p c 24 cm aIncludes bibliographical references and index aC++ (Computer Programming Language) aData Structures (Computer Science) aSahni, Sartaj aLCLIB/005.73/HOR